International yearbook of industrial statistics 2014.
| Corporate Author: | |
|---|---|
| Format: | Book |
| Published: |
Cheltenham:
Edward Elgar Publishing,
2014.
|
| Subjects: |
| LEADER | 00501cam a2200145 7i4500 | ||
|---|---|---|---|
| 001 | 0000032032 | ||
| 005 | 20150205090000.0 | ||
| 020 | 0 | 0 | |a 9781783473892 |
| 090 | 0 | 0 | |a STAT 338.6 |b UNI |
| 110 | 2 | 0 | |a United Nations Industrial Development Organization (UNIDO) |
| 245 | 1 | 0 | |a International yearbook of industrial statistics 2014. |
| 260 | 0 | 0 | |a Cheltenham: |b Edward Elgar Publishing, |c 2014. |
| 300 | # | # | |a 878 p. |
| 650 | 0 | 0 | |a Industrial -- |x Statistics -- |y 2014 |
| 999 | |a B000035751 |b Book |c Statistics |e Business Information Centre | ||


